Statistiques concernant Calcul mental #Table de 12

Cliquez ici pour prendre le quiz!

Statistiques générales

  • Ce quiz a été pris 79 fois
  • Le résultat moyen est 11 sur 12

Statistiques - réponses

HintRéponse% Correct
1 x 1212
100%
2 x 1224
100%
3 x 1236
99%
4 x 1248
99%
5 x 1260
96%
6 x 1272
93%
9 x 12108
90%
10 x 12120
90%
7 x 1284
90%
8 x 1296
90%
11 x 12132
84%
12 X 12144
76%

Distribution des résultats

Percentile par nombre de réponses

% des personnes avec chaque résultat

Votre développement - résultats

Vous n’avez pas pris ce quiz